Los Hombres : relato de Dios / Edward Schillebeeckx ; traducción por Miguel García-Baró (Registro nro. 44684)
[ vista simple ]
| 000 -LÍDER | |
|---|---|
| Campo fijo de descripción fija | 011610000a22002410004500 |
| 020 ## - NÚMERO INTERNACIONAL NORMALIZADO PARA LIBROS | |
| Número Internacional Normalizado del libro | 84-301-1243-X |
| 041 0# - CÓDIGO DE IDIOMA | |
| Código de idioma para texto/pista de sonido o título separado | |
| 082 04 - NÚMERO DE CLASIFICACIÓN DECIMAL DEWEY | |
| Número de clasificación | G 261 S3343h |
| 001 - NÚMERO DE CONTROL | |
| Campo de control | 18215 |
| 100 1# - ASIENTO PRINCIPAL--NOMBRE PERSONAL | |
| Nombre personal | Schillebeeckx, Edward |
| 245 10 - TÍTULO | |
| Título del Material | Los Hombres : relato de Dios / Edward Schillebeeckx ; traducción por Miguel García-Baró |
| 260 ## - PUBLICACIÓN, DISTRIBUCIÓN, ETC. (PIE DE IMPRENTA) | |
| Lugar de publicación, distribución, etc. | Salamanca, España : Sígueme |
| 300 ## - DESCRIPCIÓN FÍSICA | |
| Extensión | 394 p. |
| 336 ## - CONTENT TYPE | |
| Content type term | texto |
| Content type code | txt |
| Source | rdacontent |
| 337 ## - MEDIA TYPE | |
| Source | rdamedia |
| Media type term | sin mediación |
| Media type code | n |
| 338 ## - CARRIER TYPE | |
| Source | rdacarrier |
| Carrier type term | volumen |
| Carrier type code | nc |
| 500 ## - NOTA GENERAL | |
| Nota General | Título original en Holandes: Mensen als verhaal van God |
| 501 ## - NOTA DE “CON” | |
| Nota de Contenido | rústico |
| 505 00 - NOTA DE CONTENIDO | |
| Nota de contenido con formato preestablecido | Historia de un mundo e historia de la salvación. Historia de la revelación e historia del sufrimiento - Los hombres en busca de Dios -- Dios en busca de los hombres -- Los cristianos encuentran a Dios ante todo en Jesucristo -- Hacia el gobierno democrático de la iglesia como comunidad de Dios -- A modo de epílogo - Notas y bibliografía -- Índice de autores |
| 650 14 - ASIENTO SECUNDARIO DE MATERIA - TERMINO TEMÁTICO | |
| Término temático o nombre geográfico como elemento de entrada | TEOLOGIA SOCIAL \ SALVACION \ TEOLOGIA DE LA LIBERACION \ HUMANIDAD (TEOLOGIA CRISTIANA) \ LIBERTAD (TEOLOGIA) |
| 942 ## - TIPO DE MATERIAL (KOHA) | |
| Tipo de Item KOHA | Libros General |
| Estado de Material | Estado de Perdido | Estado de Dañado | No para Préstamo | Colección | Tomo | Biblioteca de Origen | Biblioteca Permanente | Fecha de Adquisición | Total de Préstamos | Signatura Topográfica | Código de Barras | Última vez visto | Ejemplar/Existencia | Fecha de Remplazo | Tipo de Material |
|---|---|---|---|---|---|---|---|---|---|---|---|---|---|---|---|
| Colección General | Biblioteca FUSBC | Biblioteca FUSBC | 14/04/2014 | G 261 S3343h | 18240 | 12/12/2019 | 1 | 26/01/2016 | Libros General |
